01623nam a22003977a 4500003000500000005001700005008004100022010001000063011001000073035001000083040000900093090001000102100004800112245019600160260004000356300000900396502006800405590003700473590004100510590004100551590004100592590004200633650003400675650003100709650003400740650002700774650002700801901000700828942000900835949003600844949004100880949003300921999001700954952012600971952012801097CHAP20220329141212.0971010s1979 r 00010 d a64296 a65268 a71609 cCHAP aTesis00aValenzuela García, Marco Antonio.9117485 aReducción de la lámina de riego mediante diferentes métodos de siembra en surcos alternados a dos anchuras de surcos y su efecto en los rendimientos del algodonero en el Valle del Yaqui aChapingo, Méx. :bEl autor,c1979 a53 h aTesis (Ing. Agr. Esp. en Suelos) -- ENA. Departamento de Suelos aALEPHb10c20130110lUCH01h1351 aBATCH-UPDb10c20130110lUCH01h0619 aBATCH-UPDb10c20130410lUCH01h0301 aBATCH-UPDb10c20130914lUCH01h0106 aCONVERSIONb10c20130109lUCH01h133514aAlgodonxEspaciamiento.9400814aAlgodonxIrrigacion.9402814aAlgodónxRendimiento.9405314aAlgodonxSonora.9406014aAlgodonxSonora.94060 aBK cFOLL bBCcTESd-153818eTS1i71609si bBCcTESd-153819eTS2fc.2i71609si bScTESd-4252eTS1i71609si c64296d64296 00102local4053708TESISaBCbBCcPA_TESISd2012-12-17fTESISl0p-153819r2019-12-31 00:00:00tc.2w2019-12-31yTESIS 00102local4051708TESISaBCbBCcPA_TESISd2012-12-17fTESISl0oTesisp-153818r2019-12-31 00:00:00w2012-12-17yTESIS